000
00255nam a22000977a 4500
008
240220b |||||||| |||| 00| 0 eng d
082
_a
C
_b
ALVC
100
1
0
_a
Alvarez, Rosanela
_e
autor
_9
43467
245
_a
¿Cómo es tu mamá?
_c
Rosanela Alvarez
942
_2
ddc
999
_c
30664
_d
17048